| 000 | 00623nam a2200181Ia 4500 | ||
|---|---|---|---|
| 008 | 151202s9999||||xx |||||||||||||| ||und|| | ||
| 082 | _bPNVM-86185 | ||
| 100 | _aचांदोरकर स्वाती. | ||
| 245 | _aगोल गोल राणी. | ||
| 260 | _b"मेहता पब्लिशिंग हाऊस,पुणे." | ||
| 260 | _c2015 | ||
| 300 | _a156 | ||
| 600 | _aचांदोरकर स्वाती. | ||
| 630 | _aगोल गोल राणी. | ||
| 700 | _aचांदोरकर स्वाती. | ||
| 730 | _aगोल गोल राणी. | ||
| 942 | _cBOOK | ||
| 999 |
_c1350231 _d1350228 |
||